000
003260000a22001450004500
003
MACL
040
_a
MACL
090
_c
33474
_d
33472
100
_a
Sudha Publications
245
_a
Grammar For competitive Exam
260
_b
Sudha Publications
_c
2001
650
_a
Grammer
942
_c
BOOK
_k
415/Sud
951
_o
415/Sud BOOK
999
_c
33124
_d
33124